Thailand as an alternative to the Philippine bases problem : New wine in an old bottle /

Bibliographic Details
Main Author: Redmon, Edward Gene
Corporate Author: Naval Postgraduate School (U.S.)
Format: Thesis Microform Book
Language:English
Published: Monterey, Calif. : Naval Postgraduate School, 1986.
Series:Special studies series. Asia. 1985-1988 supplement.
Subjects:

MARC

Tag First Indicator Second Indicator Subfields
LEADER 00000cam a2200000 a 4500
001 in00001307708
005 20151005063422.0
007 hd af||||b|c|
008 871028s1986 cauab ab f000 0 eng d
035 |a (OCoLC)16910059 
035 |9 AHB9261AM 
040 |a AFQ  |c AFQ  |d TXA  |d UtOrBLW 
043 |a as-----  |a a-th---  |a n-us--- 
049 |a TXAI 
090 |a UC263  |b .R43 
099 |a film B  |a 3761.2  |a reel 12  |a no.511-654 
100 1 |a Redmon, Edward Gene. 
245 1 0 |a Thailand as an alternative to the Philippine bases problem :  |b New wine in an old bottle /  |c by Edward Gene Redmon. 
264 1 |a Monterey, Calif. :  |b Naval Postgraduate School,  |c 1986. 
300 |a 144 pages :  |b illustrations, maps ;  |c 28 cm. 
336 |a text  |b txt  |2 rdacontent 
337 |a microform  |b h  |2 rdamedia 
338 |a microfilm reel  |b hd  |2 rdacarrier 
502 |b M.A.  |c Naval Postgraduate School  |d 1986. 
504 |a Includes bibliographical references. 
500 |a Cover title. 
500 |a "June 1986." 
533 |a Microfilm.  |b Frederick, MD :  |c University Publications of America,  |d 1989.  |e on reel 12 of 12 ; 35 mm.  |f (Special studies series Asia). 
500 |a Microform. 
650 0 |a Air bases. 
650 0 |a Navy-yards and naval stations. 
651 0 |a South Asia  |x Defenses. 
651 0 |a Thailand  |x Foreign relations  |z United States. 
651 0 |a Philippines  |x Foreign relations  |z United States. 
710 2 |a Naval Postgraduate School (U.S.) 
830 0 |a Special studies series. Asia. 1985-1988 supplement. 
999 |a MARS 
999 f f |s 4155829b-f2a2-390a-9219-9fdc07bf398d  |i 8a587878-0d25-3389-8ec7-2b5e73429297  |t 0 
952 f f |p default  |a Texas A&M University  |b College Station  |c Sterling C. Evans Library  |d Evans: Microforms (3rd floor)  |t 0  |e film B 3761.2 reel 12 no.511-654  |h Other scheme  |i microform -- microfilm reel 
998 f f |a film B 3761.2 reel 12 no.511-654  |t 0  |l Evans: Microforms (3rd floor)